<?xml version="1.0" encoding="UTF-8"?><?xml-stylesheet type="text/xsl" href="static/style.xsl"?><OAI-PMH xmlns="http://www.openarchives.org/OAI/2.0/" xmlns:xsi="http://www.w3.org/2001/XMLSchema-instance" xsi:schemaLocation="http://www.openarchives.org/OAI/2.0/ http://www.openarchives.org/OAI/2.0/OAI-PMH.xsd"><responseDate>2026-04-28T19:35:36Z</responseDate><request verb="GetRecord" identifier="oai:uvadoc.uva.es:10324/65351" metadataPrefix="marc">https://uvadoc.uva.es/oai/request</request><GetRecord><record><header><identifier>oai:uvadoc.uva.es:10324/65351</identifier><datestamp>2025-02-13T09:45:31Z</datestamp><setSpec>com_10324_1158</setSpec><setSpec>com_10324_931</setSpec><setSpec>com_10324_894</setSpec><setSpec>col_10324_1242</setSpec></header><metadata><record xmlns="http://www.loc.gov/MARC21/slim" xmlns:doc="http://www.lyncode.com/xoai" xmlns:xsi="http://www.w3.org/2001/XMLSchema-instance" xmlns:dcterms="http://purl.org/dc/terms/" xsi:schemaLocation="http://www.loc.gov/MARC21/slim http://www.loc.gov/standards/marcxml/schema/MARC21slim.xsd">
<leader>00925njm 22002777a 4500</leader>
<datafield tag="042" ind1=" " ind2=" ">
<subfield code="a">dc</subfield>
</datafield>
<datafield tag="720" ind1=" " ind2=" ">
<subfield code="a">Schweitzer, Ch.</subfield>
<subfield code="e">author</subfield>
</datafield>
<datafield tag="720" ind1=" " ind2=" ">
<subfield code="a">Lin, C. T.</subfield>
<subfield code="e">author</subfield>
</datafield>
<datafield tag="720" ind1=" " ind2=" ">
<subfield code="a">Reimann, K.</subfield>
<subfield code="e">author</subfield>
</datafield>
<datafield tag="720" ind1=" " ind2=" ">
<subfield code="a">Cardona, M.</subfield>
<subfield code="e">author</subfield>
</datafield>
<datafield tag="720" ind1=" " ind2=" ">
<subfield code="a">Fröhlich, D.</subfield>
<subfield code="e">author</subfield>
</datafield>
<datafield tag="720" ind1=" " ind2=" ">
<subfield code="a">Serrano Gutiérrez, Jorge</subfield>
<subfield code="e">author</subfield>
</datafield>
<datafield tag="260" ind1=" " ind2=" ">
<subfield code="c">2002</subfield>
</datafield>
<datafield tag="520" ind1=" " ind2=" ">
<subfield code="a">We report the isotope effects of copper and bromine on the gap of CuBr, and that of copper on the gap of CuI. The measured isotope effects reveal an anomalous negative shift with increasing copper mass for the three halides. These results allow us to understand the anomalous temperature dependences of the band gap E0 in the copper halides, which we report in the case of CuI. Similarities to the behavior observed for the copper and silver chalcopyrites are also pointed out.</subfield>
</datafield>
<datafield tag="024" ind2=" " ind1="8">
<subfield code="a">Phys. Rev. B 65, 125110 (2002)</subfield>
</datafield>
<datafield tag="024" ind2=" " ind1="8">
<subfield code="a">0163-1829</subfield>
</datafield>
<datafield tag="024" ind2=" " ind1="8">
<subfield code="a">https://uvadoc.uva.es/handle/10324/65351</subfield>
</datafield>
<datafield tag="024" ind2=" " ind1="8">
<subfield code="a">10.1103/PhysRevB.65.125110</subfield>
</datafield>
<datafield tag="024" ind2=" " ind1="8">
<subfield code="a">12</subfield>
</datafield>
<datafield tag="024" ind2=" " ind1="8">
<subfield code="a">Physical Review B</subfield>
</datafield>
<datafield tag="024" ind2=" " ind1="8">
<subfield code="a">65</subfield>
</datafield>
<datafield tag="024" ind2=" " ind1="8">
<subfield code="a">1095-3795</subfield>
</datafield>
<datafield tag="245" ind1="0" ind2="0">
<subfield code="a">Electron-phonon renormalization of the absorption edge of the cuprous halides</subfield>
</datafield>
</record></metadata></record></GetRecord></OAI-PMH>